Konkurencia v marketingu

Konkurenčná situácia. Základné konkurenčné situácie možno rozdeliť do piatich typov. Je to v závislosti na počte predajcov príslušného produktu na trhu a na druhej strane podľa miery rozdielnosti medzi určitými výrobkami. Ciele konkurencie. Odhad situácie konkurencie. Identifikácia stratégií konkure...

Full description

Saved in:
Bibliographic Details
Main Author: Vocel, J.
Format: Book Chapter
Language:Slovak
Subjects:
Tags: Add Tag
No Tags, Be the first to tag this record!

MARC

LEADER 00000naa a2200000 4500
001 r026065
005 20230919070830.5
041 0 |a slo 
044 |a SK 
245 1 0 |a Konkurencia v marketingu  |c J. Vocel 
520 |a Konkurenčná situácia. Základné konkurenčné situácie možno rozdeliť do piatich typov. Je to v závislosti na počte predajcov príslušného produktu na trhu a na druhej strane podľa miery rozdielnosti medzi určitými výrobkami. Ciele konkurencie. Odhad situácie konkurencie. Identifikácia stratégií konkurencie. Rozbor a evidencia konkurencie. Odhad predností slabých a silných miest konkurencie. Súťaž o zákazníkov čas a peniaze. Konkurenčné výhody a ich význam. 
610 2 0 |a konkurencia 
610 2 0 |a marketing 
610 2 0 |a produkty 
610 2 0 |a stratégia marketingová 
610 2 0 |a výhody konkurenčné 
100 1 |a Vocel, J.